MARC

LEADER 00000nam0a2200000 4500
001 249501
005 20231101232459.0
010 |a 5020287954 
035 |a (RuTPU)RU\TPU\book\271590 
090 |a 249501 
100 |a 20140205d1988 m y0rusy50 ca 
101 0 |a rus 
102 |a RU 
105 |a a z 001zy 
200 1 |a Метаморфические образования докембрия Восточной Сибири  |e сборник научных трудов  |f Академия наук СССР (АН СССР), Сибирское отделение (СО), Институт земной коры (ИЗК) ; отв. ред. В. Г. Беличенко 
210 |a Новосибирск  |c Наука  |d 1988 
215 |a 129 с.  |c ил. 
320 |a Библиография в конце статей 
606 1 |a Горные породы, метаморфические  |x Петрография  |2 stltpush  |3 (RuTPU)RU\TPU\subj\8136  |9 35620 
610 1 |a Восточная Сибирь 
610 1 |a докембрий 
610 1 |a метаморфические образования 
610 1 |a магматические образования 
610 1 |a комплексы 
610 1 |a геологические особенности 
610 1 |a метаморфиты 
610 1 |a граниты 
610 1 |a рудообразование 
675 |a 552.4  |v 3 
702 1 |a Беличенко  |b В. Г.  |4 340 
712 0 2 |a Академия наук СССР (АН СССР)  |b Сибирское отделение (СО)  |b Институт земной коры (ИЗК)  |c (Иркутск)  |c (1957-1962)  |2 stltpush  |3 (RuTPU)RU\TPU\col\11543 
801 1 |a RU  |b 63413507  |c 20140205 
801 2 |a RU  |b 63413507  |c 20160815  |g RCR 
942 |c BK